00872nam a2200241 u 450000100100000000500170001000800410002702000150006804000250008304100130010808200190012110000240014024500620016426000410022630000280026750000210029550400320031650000730034856100350042160000400045695201170049699900170061300002033820200929170355.0100813s1991 xx 000 0 eng d a067154294X aDO-SdBNPbspacBNPHU17aspaheng a973.927bC226p1 aCannon, Lou.94298910aPresident Reagan :bthe role of a lifetime /cLou Cannon. aNew York :bSimon & Schuster,c1991. a948 p. :bil. ;c25 cm. aIncluye índice aBibliografía : p. 895-910 aIncluye referencias bibliográficas y notas al pie de las páginas 4xPOLÍTICA Y GOBIERNOy1981-1910aReagan, Ronald.d1911 - 2004942990 001050718MOaGRbGRcCTd2017-05-08iLF1l0o973.927 C226pp20338-10r2020-06-25w2020-06-25y1ZNo se presta c19842d19842